[Event "Nova Gorica op"]
[Site "Nova Gorica"]
[Date "1997.??.??"]
[Round "9"]
[White "Delchev, Aleksander"]
[Black "Epishin, Vladimir"]
[Result "0-1"]
[WhiteElo "2515"]
[BlackElo "2600"]

1.e4 c5 2.Nf3 d6 3.d4 cxd4 4.Nxd4 Nf6 5.Nc3 Nc6 6.Bg5 e6 7.Qd2 a6 8.O-O-O Nxd4
9.Qxd4 Be7 10.Be2 Bd7 11.f4 Bc6 12.Bf3 Rc8 13.Rhe1 O-O 14.Qf2 Qc7 15.Kb1 Rfd8
16.e5 dxe5 17.Rxd8+ Bxd8 18.fxe5 Bxf3 19.exf6 Bh5 20.g4 Bg6 21.h4 h6 22.Bf4 Qc4
23.h5 Bh7 24.Be5 b5 25.b3 Qb4 26.Rd1 Bxf6 27.Bxf6 gxf6 28.Qxf6 Qxg4 29.Qxh6 b4
30.Qe3 Bxc2+  0-1

[Event "After GP Mladi"]
[Site "Olomouc"]
[Date "1997.??.??"]
[Round "5"]
[White "Mokry, Karel"]
[Black "Manik, Mikulas"]
[Result "1/2-1/2"]
[WhiteElo "2500"]
[BlackElo "2465"]

1.e4 c5 2.Nf3 Nc6 3.d4 cxd4 4.Nxd4 Nf6 5.Nc3 d6 6.Bg5 e6 7.Qd2 a6 8.O-O-O h6
9.Bf4 Bd7 10.Nxc6 Bxc6 11.Qe1 Qa5 12.f3 O-O-O 13.Kb1 Be7 14.Nd5 Qxe1 15.Nxe7+ Kd7
16.Rxe1 Kxe7 17.e5 dxe5 18.Bxe5 Rd7 19.c4 Rhd8 20.Be2 Ne8 21.Bc3 f6 22.Ba5 Rc8
23.Rd1 g5 24.Bd3 Ng7 25.Rhe1 Nh5 26.Bf1 e5 27.Rxd7+ Kxd7 28.b3 Nf4 29.Kb2 h5
30.Bd2 Rh8 31.b4 g4 32.g3 Ne6 33.f4 exf4 34.gxf4 h4 35.Bd3 g3 36.Bf5 gxh2
37.Bxe6+ Kd6 38.Bd5 Bxd5 39.cxd5 Re8 40.Rh1 Re2 41.Kc3 Kxd5 42.Kd3 Rg2 43.Be3 b5
44.a3 h3 45.f5 Ke5 46.Rf1 Rg3 47.Ke2 Ke4 48.Rf4+ Ke5 49.Rf1 Ke4 50.Rf4+ Ke5  1/2-1/2

[Event "Orel"]
[Site "Orel"]
[Date "1997.??.??"]
[Round "?"]
[White "Komliakov, Viktor"]
[Black "Kiselev, Sergey"]
[Result "1/2-1/2"]
[WhiteElo "2460"]
[BlackElo "2485"]

1.e4 c5 2.Nf3 d6 3.d4 cxd4 4.Nxd4 Nf6 5.Nc3 Nc6 6.Bg5 Qb6 7.Nb3 e6 8.Qd2 Be7
9.Be3 Qc7 10.O-O-O h6 11.Kb1 O-O 12.f3  1/2-1/2

[Event "RUS-chT"]
[Site "Orel"]
[Date "1997.??.??"]
[Round "?"]
[White "Goncharov, Vladislav"]
[Black "Iskusnyh, Sergei"]
[Result "0-1"]
[WhiteElo "2310"]
[BlackElo "2440"]

1.e4 c5 2.Nf3 Nc6 3.d4 cxd4 4.Nxd4 Nf6 5.Nc3 d6 6.Bg5 e6 7.Qd2 Be7 8.O-O-O O-O
9.f3 Nxd4 10.Qxd4 Qa5 11.Bd2 e5 12.Qd3 Qc7 13.Qc4 Qd8 14.Qb3 a6 15.Bc4 b5
16.Bd5 Rb8 17.g4 b4 18.Ne2 Nxd5 19.exd5 a5 20.Ng3 Bd7 21.Nf5 Bxf5 22.gxf5 Qd7
23.Qd3 Rfc8 24.Rhg1 Bf6 25.Bg5 Qd8 26.h4 b3 27.axb3 a4 28.Bxf6 Qxf6 29.bxa4 Rb4
30.Rg4 e4 31.Qa3 Rcb8 32.Rxe4 Rxb2 33.Re8+ Rxe8 34.Qxb2 Qxf5 35.Qb5 Rc8 36.Rd3 Qf4+
37.Kb1 Qxh4 38.a5 Qf2 39.Qb2 Qe1+ 40.Qc1 Qxa5 41.Qd1 Re8 42.Rb3 h5 43.Kb2 Ra8
44.Kc1 Qa1+ 45.Kd2 Qd4+ 46.Rd3 Qf4+ 47.Ke2 Qh2+ 48.Ke3 h4 49.Qd2 Qg1+ 50.Ke2 h3  0-1

[Event "Ozery op2 Seniors"]
[Site "Ozery"]
[Date "1997.??.??"]
[Round "9"]
[White "Rutman, A."]
[Black "Khasin, Abram"]
[Result "1/2-1/2"]
[WhiteElo "2315"]
[BlackElo "2420"]

1.e4 c5 2.Nf3 d6 3.d4 cxd4 4.Nxd4 Nf6 5.Nc3 Nc6 6.Bg5 e6 7.Qd2 a6 8.O-O-O Bd7
9.f4 h6 10.Bh4 Nxe4 11.Qe1 Nf6 12.Nf5 Qa5 13.Nxd6+ Bxd6 14.Rxd6 O-O-O 15.Rd1 Ne7
16.Qe5 Qxe5 17.fxe5 Nf5 18.exf6 Nxh4 19.Ne4 Bc6 20.Nd6+ Rxd6 21.Rxd6 gxf6
22.Rxc6+ bxc6 23.Bxa6+ Kc7 24.g3 Ra8 25.Bc4 Nf5 26.a3 Nd6 27.Be2 f5 28.Rf1 e5
29.Bd3 f4 30.gxf4 e4 31.Be2 Rg8 32.Rf2 e3 33.Rf3 Rg1+ 34.Rf1 Rg2 35.Bf3 Rxh2
36.Re1 Rf2 37.Rxe3 Rf1+ 38.Bd1 Rxf4 39.Rh3 Rf1 40.Kd2 Nc4+ 41.Kc3 Nxa3 42.bxa3 Rxd1
43.Rxh6 f5 44.Rf6 Rd5 45.Kb4 Rb5+ 46.Ka4 Rc5 47.Kb3  1/2-1/2

[Event "ISR-ch U18"]
[Site "Petah Tiqwa"]
[Date "1997.??.??"]
[Round "6"]
[White "Eyal, Ido"]
[Black "Milavsky, Maxim"]
[Result "0-1"]
[WhiteElo "2160"]
[BlackElo "2175"]

1.e4 c5 2.Nf3 d6 3.d4 cxd4 4.Nxd4 Nf6 5.Nc3 Nc6 6.Bg5 e6 7.Qd2 a6 8.O-O-O h6
9.Be3 Be7 10.f4 Nxd4 11.Bxd4 b5 12.Qe3 Bb7 13.e5 dxe5 14.fxe5 Nd5 15.Qg3 Bg5+
16.Kb1 Nxc3+ 17.Qxc3 h5 18.Qg3 Bh6 19.Be2 Qg5 20.Qa3 Qxg2 21.Bxh5 Rc8 22.Bc3 Be3
23.Qd6 Qc6 24.Qd3 Rxh5 25.Qxe3 b4 26.Qe2 Rg5 27.Bxb4 Rg2 28.Qd3 Qxc2+ 29.Qxc2 Rcxc2
30.Bc3 Be4 31.Ka1 g5 32.Rhg1 g4 33.a4 Rxg1 34.Rxg1 Bf3 35.Ka2 Rxh2 36.Ka3 Kd7
37.Kb4 Kc6 38.Ka5 Rh8 39.Bb4 Kd5 40.Bc3 Ra8 41.Kb6 Ke4 42.b4 Rc8 43.Be1 Kxe5
44.Kxa6 Ra8+ 45.Kb5 Be2+ 46.Kc6 Rxa4 47.b5 Bf3+ 48.Kc5 Kf5 49.b6 Ra1 50.Kd6 e5
51.Kc5 Rb1 52.Rf1 Ke6 53.Rg1 f5 54.Rf1 f4 55.Rg1 g3 56.Rf1 Be4 57.Rg1 Kf5
58.Rf1 g2 59.Rg1 f3 60.Bf2 Rxg1 61.Bxg1 Kf4 62.Bf2 Bb7 63.Kc4 g1=Q 64.Bxg1 Kg3
65.Kd3 f2  0-1

[Event "Plzen KB opJ-A"]
[Site "Plzen"]
[Date "1997.??.??"]
[Round "5"]
[White "Klima, Lukas"]
[Black "Cvek, Robert"]
[Result "1/2-1/2"]
[WhiteElo "2270"]
[BlackElo "2390"]

1.e4 c5 2.Nf3 Nc6 3.d4 cxd4 4.Nxd4 Nf6 5.Nc3 d6 6.Bg5 e6 7.f4 h6 8.Bh4 Be7
9.Qd3 e5 10.Bxf6 Bxf6 11.Ndb5 O-O 12.f5 Nb4 13.Qd1 a6 14.a3 axb5 15.axb4 Rxa1
16.Qxa1 Bd7 17.Bd3 Bg5 18.O-O Bc6 19.Qa7 Bd2 20.f6 Bxc3 21.bxc3 g6 22.Qe3 Kh7
23.Rf3 Bd7 24.c4 Qa8 25.h4 Qa6 26.cxb5  1/2-1/2

[Event "Polanica Zdroj op"]
[Site "Polanica Zdroj"]
[Date "1997.??.??"]
[Round "1"]
[White "Balcerak, Jakob"]
[Black "Sherbakov, Ruslan"]
[Result "1/2-1/2"]
[WhiteElo "2250"]
[BlackElo "2580"]

1.e4 c5 2.Nf3 Nc6 3.d4 cxd4 4.Nxd4 Nf6 5.Nc3 d6 6.Bg5 e6 7.Qd2 a6 8.O-O-O Bd7
9.f3 Be7 10.h4 O-O 11.g4 Nxd4 12.Qxd4 b5 13.Bxf6 gxf6 14.g5 Rb8 15.f4 b4
16.Ne2 e5 17.Qg1 Kh8 18.Bh3 Rc8 19.Kb1 Bxh3 20.Rxh3 Qd7 21.Qg2 a5 22.f5 Rg8
23.Rg3 Qc6 24.Rc1 Bf8 25.c3 Qa6 26.cxb4 axb4 27.Rxc8 Qxc8 28.gxf6 Rxg3 29.Nxg3 Qc5
30.Nf1 Qc4 31.Nh2 Qd3+ 32.Qc2 Qe3 33.b3 d5 34.exd5 Bc5 35.d6 Qe1+ 36.Qc1 Qe4+
37.Qc2 Qe1+ 38.Qc1 Qe4+ 39.Qc2 Qe1+ 40.Qc1  1/2-1/2

[Event "Polanica Zdroj op"]
[Site "Polanica Zdroj"]
[Date "1997.??.??"]
[Round "2"]
[White "Tomescu, Vlad"]
[Black "Nekrasov, Mihail"]
[Result "0-1"]
[WhiteElo "2410"]
[BlackElo "2285"]

1.e4 c5 2.Nf3 Nc6 3.d4 cxd4 4.Nxd4 Nf6 5.Nc3 d6 6.Bg5 e6 7.Qd2 a6 8.O-O-O h6
9.Be3 Be7 10.f4 Nxd4 11.Bxd4 b5 12.Bxf6 Bxf6 13.Kb1 Bb7 14.Bd3 Qb6 15.Ne2 b4
16.Nc1 O-O 17.Qe2 a5 18.e5 dxe5 19.fxe5 Be7 20.Be4 Bxe4 21.Qxe4 Rad8 22.Rd3 Rxd3
23.Nxd3 Rc8 24.Rf1 Qc6 25.Qe2 Rc7 26.h3 Bf8 27.Rf4 Qd5 28.Qf2 Bc5 29.Qe2 Rd7
30.Rf1 Bd4 31.Rd1 Bxe5 32.Nf2 Bd4 33.Ng4 Qb7 34.Rd3 h5 35.Nh2 Bf6 36.Nf3 Qb5
37.Qe4 Rd5 38.Kc1 g6 39.Kb1 Kg7 40.Qe3 Qc4 41.Qd2 Rc5 42.Qc1 e5 43.Nd2 Qxd3
44.cxd3 Rxc1+ 45.Kxc1 Bg5  0-1

[Event "POL-ch sf"]
[Site "Poraj "]
[Date "1997.??.??"]
[Round "1"]
[White "Jedryczka, Krystian"]
[Black "Blehm, Pawel"]
[Result "1/2-1/2"]
[WhiteElo "2165"]
[BlackElo "2420"]

1.e4 c5 2.Nf3 d6 3.d4 cxd4 4.Nxd4 Nf6 5.Nc3 Nc6 6.Bg5 e6 7.Qd2 a6 8.O-O-O h6
9.Be3 Be7 10.f3 Nxd4 11.Bxd4 b5 12.Bxf6 Bxf6 13.Qxd6 Qxd6 14.Rxd6 Bxc3 15.bxc3 Ke7
16.e5 Bb7 17.c4 Rhc8 18.Rb6 Rc7 19.Bd3 bxc4 20.Rxb7 Rxb7 21.Be4 Rab8 22.Bxb7 Rxb7
23.Kd2 Rb5 24.f4 Ra5 25.Rb1 g5 26.g3 gxf4 27.gxf4 Rxa2 28.Kc3 Ra3+ 29.Kxc4 Rh3
30.Rb7+ Kf8 31.Kd4 Rxh2 32.c4 h5 33.Ra7 Rd2+ 34.Ke3 Ra2 35.c5 h4 36.c6 Kg7
37.c7 Rc2 38.Kf3 h3 39.Rxa6 Kg6 40.Ra8 Rxc7 41.Rh8 f6 42.exf6 Kxf6 43.Rxh3 Rc3+
44.Kg4 Rxh3 45.Kxh3 Kf5 46.Kg3 e5 47.fxe5 Kxe5  1/2-1/2

[Event "POL-ch sf"]
[Site "Poraj "]
[Date "1997.??.??"]
[Round "3"]
[White "Przedmojski, Rafal"]
[Black "Blehm, Pawel"]
[Result "0-1"]
[WhiteElo "2335"]
[BlackElo "2420"]

1.e4 c5 2.Nf3 Nc6 3.d4 cxd4 4.Nxd4 Nf6 5.Nc3 d6 6.Bg5 e6 7.Qd2 a6 8.O-O-O h6
9.Be3 Be7 10.f3 Nxd4 11.Qxd4 b5 12.Kb1 Qa5 13.g4 b4 14.Ne2 e5 15.Qb6 Qxb6
16.Bxb6 Be6 17.Ng3 g6 18.Bd3 a5 19.h4 Kf8 20.Be3 d5 21.g5 hxg5 22.hxg5 Rxh1
23.Rxh1 Ne8 24.Nf5 gxf5 25.exf5 Bd7 26.Rh7 d4 27.Bd2 Kg8 28.g6 Nd6 29.f6 Bxf6
30.Bh6 Bf5 31.Bxf5 Nxf5 32.Rxf7 Nxh6 33.Rxf6 Rf8  0-1

[Event "Portoroz op"]
[Site "Portoroz"]
[Date "1997.??.??"]
[Round "?"]
[White "Fercec, Nenad"]
[Black "Tukmakov, Vladimir B"]
[Result "1-0"]
[WhiteElo "2430"]
[BlackElo "2585"]

1.e4 c5 2.Nf3 d6 3.d4 cxd4 4.Nxd4 Nf6 5.Nc3 Nc6 6.Bg5 e6 7.Qd2 a6 8.O-O-O h6
9.Be3 Qc7 10.f3 Rb8 11.g4 Ne5 12.h4 b5 13.Qg2 g6 14.g5 hxg5 15.Bxg5 Be7 16.f4 Nc4
17.Bxc4 Qxc4 18.Rhe1 Bb7 19.a3 Ba8 20.Nb3 Qc7 21.Qg1 Rc8 22.Rd2 Kf8 23.Kb1 Nh5
24.f5 f6 25.Nd4 Ng7 26.fxe6 Qd8 27.Be3 Qe8 28.Nd5 Rxh4 29.Rh2 Rxh2 30.Qxh2 Kg8
31.Rh1 Nh5 32.Qg2 Bxd5 33.exd5 Kh7 34.Nf5 gxf5 35.Qf3 Qg6 36.Rxh5+ Kg7 37.Rh6 Qg4
38.Qh1  1-0

[Event "Portoroz op"]
[Site "Portoroz"]
[Date "1997.??.??"]
[Round "?"]
[White "Sutovskij, Emil"]
[Black "Novak, Danijel"]
[Result "1-0"]
[WhiteElo "2560"]
[BlackElo "2370"]

1.e4 c5 2.Nf3 Nc6 3.d4 cxd4 4.Nxd4 Nf6 5.Nc3 d6 6.Bg5 e6 7.Qd2 a6 8.O-O-O h6
9.Be3 Bd7 10.f4 Nxd4 11.Bxd4 b5 12.e5 dxe5 13.fxe5 Nd5 14.Nxd5 exd5 15.Be2 Be7
16.Kb1 O-O 17.Be3 Rc8 18.Rhf1 Qc7 19.Bf4 Qc6 20.Bd3 a5 21.g4 Bxg4 22.Rc1 Bc5
23.Qg2 Bd7 24.Rf3 Kh8 25.Bd2 b4 26.Rcf1 d4 27.Qg3 Be6  1-0

[Event "CRO-Cup (Women)"]
[Site "Pula"]
[Date "1997.??.??"]
[Round "?"]
[White "Roschina, Tatiana"]
[Black "Madl, Ildiko"]
[Result "1/2-1/2"]
[WhiteElo "2245"]
[BlackElo "2365"]

1.e4 c5 2.Nf3 Nc6 3.d4 cxd4 4.Nxd4 Nf6 5.Nc3 d6 6.Bg5 e6 7.Qd2 a6 8.O-O-O Bd7
9.f4 h6 10.Bh4 g5 11.fxg5 Ng4 12.g3 hxg5 13.Nxc6 bxc6 14.Bxg5 f6 15.Qe2 fxg5
16.Qxg4 e5 17.Qf3 g4 18.Qf2 Be6 19.Kb1 Be7 20.Be2 Qa5 21.Qe3 Kd7 22.b3 Kc7
23.Na4 Qb4 24.Nb2 Qb6 25.Qxb6+ Kxb6 26.Bc4 Bd7 27.Nd3 Rad8 28.Rhf1 Rh7 29.Rf2 Bc8
30.Nb2 Kc7 31.Na4 Bg5 32.Re1 Rdh8 33.Ree2 Bd8 34.Nc3 Kb8 35.Na4 Kc7 36.Nc3 Kb8
37.Na4 Kc7  1/2-1/2

[Event "Pula op"]
[Site "Pula"]
[Date "1997.??.??"]
[Round "1"]
[White "Rytshagov, Mikhail"]
[Black "Mrdjen, David"]
[Result "1-0"]
[WhiteElo "2485"]
[BlackElo "2095"]

1.e4 c5 2.Nf3 Nc6 3.d4 cxd4 4.Nxd4 Nf6 5.Nc3 d6 6.Bg5 a6 7.Qd2 Bd7 8.O-O-O Nxd4
9.Qxd4 b5 10.f4 h6 11.Bxf6 gxf6 12.Nd5 h5 13.Be2 Bg4 14.Bxg4 hxg4 15.Kb1 Bh6
16.h3 g3 17.Qe3 Rc8 18.Qxg3 Rc4 19.e5 fxe5 20.fxe5 Kd7 21.exd6 e6 22.Ne3 Rc6
23.Ng4 Bg7 24.Rhf1 f5 25.Ne5+ Bxe5 26.Qxe5 Rc4 27.Qg7+ Kc6 28.Rfe1 Re8 29.Qa7 Qa5
30.d7  1-0

[Event "Pula op"]
[Site "Pula"]
[Date "1997.??.??"]
[Round "1"]
[White "Palac, Mladen"]
[Black "Genser, Harald"]
[Result "1-0"]
[WhiteElo "2595"]
[BlackElo "2175"]

1.e4 c5 2.Nf3 d6 3.d4 cxd4 4.Nxd4 Nf6 5.Nc3 Nc6 6.Bg5 e6 7.Qd2 a6 8.O-O-O h6
9.Be3 Be7 10.f4 Nxd4 11.Bxd4 b5 12.Kb1 Bb7 13.Bd3 O-O 14.e5 dxe5 15.fxe5 Nd7
16.Ne4 Qc7 17.Nf6+ Kh8 18.Nxd7 Qxd7 19.Be3 Qd5 20.Bxh6 Qxe5 21.Bf4 Qf6 22.Rde1 Kg8
23.h4 Bc5 24.Rh3 Qd4  1-0

[Event "EU-chT (Men)"]
[Site "Pula"]
[Date "1997.??.??"]
[Round "2"]
[White "Spice, Alan"]
[Black "Maki, Veijo"]
[Result "0-1"]
[WhiteElo "2185"]
[BlackElo "2395"]

1.Nc3 c5 2.Nf3 Nc6 3.d4 cxd4 4.Nxd4 Nf6 5.e4 d6 6.Bg5 e6 7.Qd2 a6 8.O-O-O Bd7
9.f4 Be7 10.Nf3 b5 11.Bxf6 gxf6 12.Bd3 Qa5 13.Kb1 b4 14.Ne2 Qc5 15.f5 a5
16.Rhe1 a4 17.Nc1 a3 18.b3 Ne5 19.Qe3 Qa5 20.Nd2 d5 21.exd5 exd5 22.Nf3 O-O-O
23.Nxe5 fxe5 24.Qxe5 Rhe8 25.f6 Bf8 26.Qf4 Kb7 27.Bxh7 Qc5 28.Qd2 Bg4 29.Rxe8 Rxe8
30.Rf1 Bh6 31.Nd3 Bxd2 32.Nxc5+ Kc6 33.Nd3 Rh8 34.Ne5+ Kc5 35.Nxg4 Rxh7 36.h3 Bc3
37.Kc1 Rh8 38.Kd1 Re8 39.Nh6 Re6 40.Nxf7 Bxf6 41.g4 Bc3 42.g5 Re3 43.h4 Rh3
44.Rg1 Rxh4 45.g6 Rd4+ 46.Kc1 Bb2+ 47.Kb1 Rd2 48.Ng5 Re2 49.Nf3 Bg7 50.Kc1 Kd6
51.Kd1 Re4 52.Ne1 Ke6 53.Nd3 Kf5 54.Rg2 Rh4 55.Ke2 Re4+ 56.Kf3 Rh4 57.Nf4 Rxf4+  0-1

[Event "EU-chT (Men)"]
[Site "Pula"]
[Date "1997.??.??"]
[Round "2"]
[White "Krakops, Maris"]
[Black "Van der Wiel, John TH"]
[Result "1-0"]
[WhiteElo "2440"]
[BlackElo "2555"]

1.e4 c5 2.Nf3 d6 3.d4 cxd4 4.Nxd4 Nf6 5.Nc3 Nc6 6.Bg5 e6 7.Qd2 a6 8.O-O-O Bd7
9.f4 h6 10.Bh4 g5 11.fxg5 Ng4 12.Be2 Nge5 13.Nf3 Be7 14.Rhg1 b5 15.Rdf1 b4
16.Nd1 a5 17.Kb1 a4 18.Bb5 Ra5 19.Bxc6 Bxc6 20.Qxb4 hxg5 21.Bxg5 Bxg5 22.Nxg5 Rb5
23.Qd2 Nc4 24.Qc3 Qxg5 25.Qxc4 Qc5 26.Qc3 Qxc3 27.Nxc3 Rg5 28.h3 Rg3 29.Rd1 Ke7
30.a3 Rhg8 31.Rd2 Rxh3 32.Rgd1 Rh2 33.Rxd6 Be8 34.R1d2 Rgxg2 35.Rxg2 Rxg2
36.Ra6 Rg1+ 37.Ka2 Rg2 38.Nxa4 Rxc2 39.Nc3 Rc1 40.a4  1-0

[Event "EU-chT (Women)"]
[Site "Pula"]
[Date "1997.??.??"]
[Round "3"]
[White "Hitzgerova, Gabriela"]
[Black "Peptan, Corina"]
[Result "1/2-1/2"]
[WhiteElo "2170"]
[BlackElo "2425"]

1.e4 c5 2.Nf3 d6 3.d4 cxd4 4.Nxd4 Nf6 5.Nc3 Nc6 6.Bg5 e6 7.Qd2 a6 8.O-O-O h6
9.Be3 Be7 10.f4 Nxd4 11.Bxd4 b5 12.Bxf6 gxf6 13.g3 Bb7 14.Bg2 Rc8 15.Kb1 Qc7
16.Rc1 h5 17.Nd1 Qc5 18.Ne3 Bd8 19.Rhe1 Rc7 20.Rcd1 Rd7 21.f5 e5 22.Nd5 Bxd5
23.Qxd5 Qxd5 24.Rxd5 Bb6 25.Red1 Ke7 26.c3 Rdd8 27.Kc2 h4 28.g4 h3 29.Bf3 Be3
30.Re1 Bf4 31.Re2 Rc8 32.Kd3 Rc4 33.Rf2 Rhc8 34.a3 Rb8 35.Bd1 Rcc8 36.Rf3 Rh8
37.Rf2 Kd7 38.Rc2 Rhc8 39.Rf2 Kc6 40.Rf3 Bxh2 41.Rxh3 Rh8 42.Rh5 Bf4 43.Bf3 Rbg8
44.Kc2 Rxh5 45.gxh5 Rg3 46.Rd3 Rh3 47.Kb1 Rh2 48.Rd1 Rf2 49.Bg4 Bh6 50.Rd3 Rf1+
51.Kc2 Kc7 52.Bd1 Re1 53.Bf3 Rf1 54.Bd1 Rg1 55.Bf3 Rf1 56.Bd1 Rf2+ 57.Kb1 Rf4
58.Bc2 Rh4 59.Rd1 Rxh5 60.Bb3 Rh4 61.Bd5 Bg5 62.Rf1 a5 63.Rd1 a4 64.Re1 Rh7
65.Rd1 Be3 66.Re1 Bc5 67.Re2 Kb6 68.Rg2 Be3 69.Re2 Bg5 70.Re1 Kc5 71.Rd1 Be3
72.Re1 Bf2 73.Rd1 Rh4 74.Rf1 Be3 75.Re1 Bd2 76.Rd1 Bg5 77.Re1  1/2-1/2

[Event "EU-chT (Women)"]
[Site "Pula"]
[Date "1997.??.??"]
[Round "4"]
[White "Peptan, Corina"]
[Black "Galliamova, Alisa"]
[Result "1/2-1/2"]
[WhiteElo "2425"]
[BlackElo "2440"]

1.e4 c5 2.Nf3 Nc6 3.d4 cxd4 4.Nxd4 Nf6 5.Nc3 d6 6.Bg5 e6 7.Qd2 a6 8.O-O-O Bd7
9.f3 Qc7 10.g4 Ne5 11.Bd3 h6 12.Bxf6 gxf6 13.f4 h5 14.gxh5 Nxd3+ 15.Qxd3 Rxh5
16.Kb1 O-O-O 17.f5 Be7 18.Rdg1 Rdh8 19.h3 d5 20.fxe6 fxe6 21.Rg7 dxe4 22.Nxe4 Re8
23.Qf3 Rh4 24.Rd1 Qe5 25.Qc3+ Kb8 26.Nf3 Qxc3 27.Nxc3 Rxh3 28.Rxd7 Rxf3 29.a4 Bc5
30.Rxb7+ Ka8 31.Ne4 Be3 32.Nd6 Rb8 33.Rbc7 Bd4 34.Nc4 Rc3 35.Rgd7 e5 36.a5 Rxc4
37.Rxc4 Rxb2+ 38.Kc1 Rb8 39.Rc6 Rf8 40.Rxa6+ Kb8 41.Rdd6 Rh8 42.Rxf6 e4 43.Rf1 Re8
44.Kd2 Kb7 45.Rg6 Re7 46.c3 Be5 47.Rb1+ Ka7 48.Rbb6 e3+ 49.Kxe3 Bxc3+ 50.Kd3 Be5
51.Ra6+ Kb8 52.Kc4 Bc7 53.Rg5 Re5 54.Rxe5 Bxe5 55.Kb5 Kb7 56.Re6 Bg3 57.Re7+ Kb8
58.Ka6 Bf2 59.Rb7+ Kc8 60.Rf7 Be3 61.Rf3 Bd4 62.Rb3 Bf2 63.Rb6 Kc7 64.Rb2 Be3
65.Re2 Bg1 66.Re8 Bf2 67.Re2 Bg1 68.Rb2 Be3 69.Rb7+ Kc8 70.Re7 Bf2 71.Kb5 Kb8
72.Kc6 Bg1 73.Rf7 Be3 74.Kb5 Bg1 75.Ka6 Be3 76.Rb7+ Kc8 77.Rb1 Bf2 78.Kb5 Kb7
79.Rf1 Be3 80.Rf8 Bg1 81.Rf7+ Kb8 82.Ka6 Be3 83.Rb7+ Kc8 84.Rb6 Kc7 85.Rb3 Bg1
86.Rb2 Be3 87.Re2 Bg1  1/2-1/2

[Event "EU-chT (Women)"]
[Site "Pula"]
[Date "1997.??.??"]
[Round "4"]
[White "Arakhamia, Ketevan"]
[Black "Grabics, Monika"]
[Result "0-1"]
[WhiteElo "2490"]
[BlackElo "2255"]

1.e4 c5 2.Nf3 Nc6 3.d4 cxd4 4.Nxd4 Nf6 5.Nc3 d6 6.Bg5 e6 7.Qd2 a6 8.O-O-O h6
9.Be3 Bd7 10.f3 b5 11.Nxc6 Bxc6 12.Ne2 Qc7 13.Nd4 Bb7 14.Kb1 Be7 15.g4 Nd7
16.h4 d5 17.exd5 Bxd5 18.Be2 Rc8 19.g5 h5 20.g6 fxg6 21.Rhg1 Ne5 22.f4 Nc4
23.Qd3 O-O 24.Qxg6 Bf6 25.Bc1 Qa5 26.b3 Na3+ 27.Bxa3 Qxa3 28.Rd2 Qb4 29.Rgd1 Rfd8
30.Bxh5 a5 31.Bg4 a4 32.Ne2 Rc6 33.Rd3 axb3 34.Rxb3 Qc4 35.Ng3 Rdc8 36.Nh5 Qxc2+
37.Qxc2 Rxc2 38.Nxf6+ gxf6 39.Rxb5 Bxa2+ 40.Ka1 Ra8 41.Rb2 Bb3+ 42.Kb1 Rxb2+
43.Kxb2 Bxd1 44.Bxd1 Kg7  0-1

[Event "Pula op"]
[Site "Pula"]
[Date "1997.??.??"]
[Round "5"]
[White "Kutuzovic, Branko"]
[Black "Kozul, Zdenko"]
[Result "1-0"]
[WhiteElo "2395"]
[BlackElo "2590"]

1.e4 c5 2.Nf3 Nc6 3.d4 cxd4 4.Nxd4 Nf6 5.Nc3 d6 6.Bg5 e6 7.Qd2 a6 8.O-O-O Bd7
9.f4 b5 10.Bxf6 gxf6 11.Kb1 Qb6 12.Nxc6 Bxc6 13.Qe1 Be7 14.f5 Qc5 15.Bd3 a5
16.Ne2 e5 17.Nc1 h5 18.Rf1 Rg8 19.g3 b4 20.Nb3 Qa7 21.Bc4 a4 22.Nc1 Rc8 23.Bd5 Bb5
24.Rf3 Qc5 25.Qd2 Kf8 26.c3 b3 27.axb3 Kg7 28.c4 Bc6 29.b4 Qb6 30.Na2 Bxd5
31.Qxd5 Rc7 32.Rc1 Rgc8 33.g4 Qd4 34.gxh5 Qxd5 35.Rg1+ Kh7 36.cxd5 Bf8 37.Rc3 Bh6
38.Rg2 Bf4 39.h6 Rxc3 40.bxc3 Rc4 41.Re2 Kxh6 42.Kc2 Kg7 43.Kd3 Rc8 44.c4 Rh8
45.c5 Kf8 46.c6 Ke7 47.b5 Rh3+ 48.Kc4 Be3 49.Nc3 a3 50.Ra2 Bd4 51.Rxa3 Re3
52.h4 Kd8 53.h5 Rh3 54.Ra8+ Kc7 55.b6+  1-0

[Event "EU-chT (Women)"]
[Site "Pula"]
[Date "1997.??.??"]
[Round "5"]
[White "Ciuksyte, Dagne"]
[Black "Grosar, Kiti"]
[Result "1-0"]
[WhiteElo "2285"]
[BlackElo "2225"]

1.e4 c5 2.Nf3 d6 3.d4 cxd4 4.Nxd4 Nf6 5.Nc3 Nc6 6.Bg5 e6 7.Qd2 a6 8.O-O-O Bd7
9.f4 b5 10.Nxc6 Bxc6 11.Bd3 b4 12.Ne2 Qa5 13.Bxf6 gxf6 14.Kb1 Qc5 15.f5 e5
16.Nc1 a5 17.Qe2 Bh6 18.Bc4 Bxc1 19.Kxc1 Rc8 20.Rd2 Ke7 21.b3 a4 22.Rhd1 Rhd8
23.Kb1 Rc7 24.Rd3 axb3 25.cxb3 Ra7 26.Rc1 Qb6 27.Rd2 Ra5 28.Bxf7 Bxe4+ 29.Qxe4 Kxf7
30.Qh4 Kg7 31.Rd3 d5 32.Rc7+ Qxc7 33.Rg3+ Kf8 34.Qxf6+ Ke8 35.Qe6+  1-0

[Event "EU-chT (Men)"]
[Site "Pula"]
[Date "1997.??.??"]
[Round "6"]
[White "Sulskis, Sarunas"]
[Black "Lanka, Zigurds"]
[Result "0-1"]
[WhiteElo "2525"]
[BlackElo "2575"]

1.e4 c5 2.Nf3 d6 3.d4 cxd4 4.Nxd4 Nf6 5.Nc3 Nc6 6.Bg5 e6 7.Qd2 a6 8.O-O-O h6
9.Be3 Bd7 10.f4 Be7 11.Bd3 Ng4 12.Nxc6 Bxc6 13.Bg1 Nf6 14.Kb1 Qc7 15.f5 e5
16.g4 O-O-O 17.Qg2 d5 18.Bf2 dxe4 19.Nxe4 Rd7 20.Qf3 Rhd8 21.Rc1 Bd5 22.Bg3 Qc6
23.Rhe1 Nxe4 24.Rxe4 Bg5 25.c4 Bxe4 26.Bxe4 Qc5 27.Re1 Bd2 28.Re2 Qg1+ 29.Kc2 Bf4
30.Be1 Qc5 31.Qc3 Rd1 32.Kb3 Rc1 33.Qb4 Qxb4+ 34.Bxb4 Rg1 35.Bd5 Rd7 36.f6 gxf6
37.h3 Rg3+ 38.Ka4 Rxh3 39.Ka5 Re3 40.Rc2 e4 41.Bc5 Re1 42.Bf2 Rf1 43.Re2 e3
44.Bxe3 Re7 45.Bxf4 Rxe2 46.Bxh6 Rxb2 47.a3 Kb8 48.Bxf7 Rf3 49.Bf8 Ka7 50.Bb4 b6+
51.Ka4 Rf4 52.Be6 Re4 53.Bd5 Rxg4 54.Bc3 b5+ 55.Ka5 Rb3 56.Bb4 Rxc4  0-1

[Event "EU-chT (Men)"]
[Site "Pula"]
[Date "1997.??.??"]
[Round "6"]
[White "Svidler, Peter"]
[Black "Kozul, Zdenko"]
[Result "1-0"]
[WhiteElo "2640"]
[BlackElo "2590"]

1.e4 c5 2.Nf3 Nc6 3.d4 cxd4 4.Nxd4 Nf6 5.Nc3 d6 6.Bg5 e6 7.Qd2 a6 8.O-O-O Bd7
9.f4 b5 10.Bxf6 gxf6 11.Kb1 Qb6 12.Nce2 h5 13.g3 Na5 14.b3 Nc6 15.Bg2 Rc8
16.Rhf1 Nxd4 17.Nxd4 Qc5 18.Rf3 Bg7 19.c3 a5 20.h4 O-O 21.Rd3 b4 22.c4 f5
23.exf5 a4 24.fxe6 fxe6 25.f5 e5 26.Bd5+ Qxd5 27.cxd5 exd4 28.bxa4 Bxf5 29.Rf1 Bg6
30.Rxf8+ Kxf8 31.Kb2 Rc3 32.Qf4+ Kg8 33.Rd2 Ra3 34.Qxd6 d3+ 35.Kb1 Kh7 36.Qxb4 Rc3
37.d6 Rc6 38.a3 Ra6 39.g4 hxg4 40.h5 Bxh5 41.Qb5  1-0

[Event "Pula op"]
[Site "Pula"]
[Date "1997.??.??"]
[Round "6"]
[White "Kutuzovic, Branko"]
[Black "Delchev, Aleksander"]
[Result "0-1"]
[WhiteElo "2395"]
[BlackElo "2515"]

1.e4 c5 2.Nf3 d6 3.d4 cxd4 4.Nxd4 Nf6 5.Nc3 Nc6 6.Bg5 e6 7.Qd2 a6 8.O-O-O Bd7
9.f4 h6 10.Bh4 g5 11.fxg5 Ng4 12.g3 Qa5 13.Kb1 Nxd4 14.Qxd4 Qe5 15.gxh6 Qxd4
16.Rxd4 Rxh6 17.Be2 Ne5 18.Bg5 Rh7 19.h4 Bc6 20.Rhd1 Be7 21.Bf4 Rg7 22.h5 Nd7
23.Bxd6 Bxd6 24.Rxd6 Rxg3 25.R6d3 Rg5 26.Re3 Re5 27.Rf1 Ke7 28.Ref3 Rf8 29.Rf4 Rg5
30.b4 Ne5 31.a4 Rg3 32.Kb2 Rc8 33.Ra1 Rh3 34.Rff1 Be8 35.Ra3 Rh2 36.Rc1 f6
37.b5 Bxh5 38.Bf1 a5 39.Nb1 Be2 40.Rc3 Rxc3 41.Kxc3 Bxf1 42.Rxf1 Rh3+ 43.Kb2 Nc4+
44.Ka2 Re3 45.Rf4 b6 46.c3 Nd6 47.Rh4 Re2+ 48.Ka3 Nxe4 49.Rh7+ Kd6 50.Rb7 Kc5
51.c4 Kxc4 52.Rc7+ Nc5  0-1

[Event "EU-chT (Men)"]
[Site "Pula"]
[Date "1997.??.??"]
[Round "7"]
[White "Lanka, Zigurds"]
[Black "Kozul, Zdenko"]
[Result "1/2-1/2"]
[WhiteElo "2575"]
[BlackElo "2590"]

1.e4 c5 2.Nf3 Nc6 3.d4 cxd4 4.Nxd4 Nf6 5.Nc3 d6 6.Bg5 e6 7.Qd2 a6 8.O-O-O Bd7
9.f3 Be7 10.h4 Rc8 11.Kb1 h5 12.Nxc6 Rxc6 13.g3 b5 14.Bg2 b4 15.Ne2 a5 16.Nf4 Qb6
17.Rhe1 Rc7 18.Bh3 a4 19.Qe3 Qa5 20.e5 dxe5 21.Qxe5 Qxe5 22.Rxe5 Bc6 23.Rd3 Nd7
24.Ra5 Bxg5 25.Rxg5 g6 26.a3 bxa3 27.Rxa3 Rb7 28.Rc3 Rb6 29.Ne2 Ke7 30.Nd4 Bb7
31.Ra5 e5 32.Re3 Rd6 33.Bxd7 Kxd7 34.Ne2 Rd1+ 35.Nc1 f6 36.Rxa4 Ra8 37.Rb4 Bc6
38.b3 Rf1 39.f4 Ra5 40.Kb2 exf4 41.gxf4 Rh1 42.Ne2 Rxh4 43.Nc3 g5 44.Rd4+ Kc8
45.Rc4 Ra6 46.Nd5 Kd7 47.Nxf6+ Kd6 48.Rd4+ Kc5 49.Rd8 gxf4 50.Re5+ Kb6 51.Nxh5 Ra5
52.Rb8+ Kc7 53.Rxa5 Kxb8 54.Rf5 f3 55.Nf4 Be4 56.Rf8+ Ka7 57.Kc3 Rh2 58.Nd3 Re2
59.Rf6 Kb8 60.b4 Kc7 61.b5 Kd8 62.b6 Ke7 63.Rf4 Bxd3 64.cxd3 Re6 65.b7 Rb6
66.Rb4 Rxb4 67.Kxb4 f2 68.b8=Q f1=Q 69.Qe5+ Kd7 70.Qb5+ Kc7 71.Qc5+ Kd7 72.Qd5+ Kc7
73.Kc5 Qf2+ 74.Qd4 Qxd4+ 75.Kxd4 Kd6 76.Ke4 Ke6 77.d4 Kd6 78.d5 Kd7  1/2-1/2

[Event "Pula op"]
[Site "Pula"]
[Date "1997.??.??"]
[Round "9"]
[White "Bubalovic, Davorin"]
[Black "Rezek, Mirko"]
[Result "1-0"]
[WhiteElo "2350"]
[BlackElo "2235"]

1.e4 c5 2.Nf3 Nc6 3.d4 cxd4 4.Nxd4 Nf6 5.Nc3 d6 6.Bg5 e6 7.Qd2 a6 8.O-O-O h6
9.Be3 Be7 10.f3 Nxd4 11.Qxd4 b5 12.Kb1 Bd7 13.g4 Rc8 14.a4 Bc6 15.Rg1 e5
16.Qd2 Nd7 17.g5 hxg5 18.Bxg5 f6 19.Be3 Bf8 20.Bh3 Qc7 21.Rg2 b4 22.Nd5 Bxd5
23.exd5 Rh4 24.Bg4 Qc4 25.Qf2 Rh8 26.Bf5 Qh4 27.Qe2 Qc4 28.Bd3 Qc7 29.f4 a5
30.Bf5 Rh4 31.Qf2 Rh8 32.Qg3 Ke7 33.fxe5 fxe5 34.Qg6 Nf6 35.Be6 Kd8 36.Bg5 Qe7
37.Rf2 Kc7 38.Bxc8 Kxc8 39.Rxf6 gxf6 40.Bxf6 Qh7 41.Qe8+ Kb7 42.Bxh8 Qxh8
43.Rf1 Bg7 44.Rf7+  1-0

[Event "Pula op"]
[Site "Pula"]
[Date "1997.??.??"]
[Round "9"]
[White "Sax, Gyula"]
[Black "Delchev, Aleksander"]
[Result "1/2-1/2"]
[WhiteElo "2545"]
[BlackElo "2515"]

1.e4 c5 2.Nf3 d6 3.d4 cxd4 4.Nxd4 Nf6 5.Nc3 Nc6 6.Bg5 e6 7.Qd2 a6 8.O-O-O h6
9.Be3 Bd7 10.f3 b5 11.g4 Nxd4 12.Qxd4 Qa5 13.a3 Rc8 14.Kb1 e5 15.Qa7 Rc7
16.Bb6 Rxa7 17.Bxa5 Bc6 18.Be2 Be7 19.Rd2 O-O 20.Rhd1 Rc8 21.Na2 Ne8 22.Nb4 Bd7
23.Nd5 Bg5 24.Rd3 Be6 25.a4 Bxd5 26.Rxd5 bxa4 27.Bb6 Raa8 28.Ra5 Rcb8 29.Bf2 Rb4
30.c3 Rb7 31.Rxa4 a5 32.Kc2 Rab8 33.Rb1 Bd8 34.Ba6 Re7 35.Bc4 Nf6 36.b3 Nd7
37.Rd1 Nc5 38.Raa1 Bc7 39.Rd5 Ne6 40.h4 Ree8 41.Be3 Kf8 42.Bb5 Red8 43.Bc4  1/2-1/2